[Event "WY Girls-U10"]
[Site "Porto Carras GRE"]
[Date "2010.10.28"]
[Round "9.3"]
[White "Avramidou,Anastasia"]
[Black "Abdumalik,Z"]
[Result "0-1"]
[WhiteElo "1634"]
[BlackElo "1870"]

1.e4 c5 2.Nf3 e6 3.d4 cxd4 4.Nxd4 a6 5.Nc3 Qc7 6.Bd3 Nf6 7.O-O h5 8.h3 Bc5
9.Nb3 Ba7 10.a4 Nc6 11.Qe2 d6 12.Be3 Bxe3 13.Qxe3 Bd7 14.Qg5 Rg8 15.a5 O-O-O
16.Qe3 Kb8 17.Ra3 Bc8 18.Rfa1 g5 19.Nd4 Nd7 20.Nxc6+ Qxc6 21.b4 Ne5 22.Rb3 Ka8
23.b5 Qc5 24.bxa6 bxa6 25.Rab1 Qxe3 26.fxe3 Nxd3 27.cxd3 Ka7 28.Na4 Rh8 29.Nb6 Bb7
30.Nc4 Rd7 31.Rb6 d5 32.Ne5 Rc7 33.exd5 Bxd5 34.e4 Bb7 35.Rf1 Rh7 36.Kh2 Rg7
37.Rf6 Rh7 38.Kg3 Rg7 39.Rh6 h4+ 40.Kg4 Rc5 41.Nd7 Rxa5 42.Rh8 f5+ 43.exf5 exf5+
44.Kh5 Rxd7 45.Rb2 f4 46.Rd2 Rad5 47.Rg8 Rxd3 48.Rxd3 Rxd3 49.Rxg5 Rd5 50.Kxh4 Rxg5
51.Kxg5 a5 52.h4 a4 53.Kxf4 a3 54.g4 a2 55.Kf5 a1=Q 56.h5 Qg7 57.g5 Bc8+
58.Kf4 Qf7+  0-1

[Event "Chigorin Mem Classic Open"]
[Site "St Petersburg RUS"]
[Date "2010.10.28"]
[Round "1"]
[White "Zhukov,Da2"]
[Black "Kosov,Iv"]
[Result "1-0"]
[WhiteElo "1945"]
[BlackElo "2388"]

1.e4 c5 2.Nf3 e6 3.d4 cxd4 4.Nxd4 a6 5.Nc3 Qc7 6.Bd3 Nf6 7.Qe2 d6 8.f4 g6
9.f5 gxf5 10.exf5 e5 11.Bg5 Be7 12.O-O-O Nbd7 13.Rhe1 Rg8 14.h4 b5 15.Be4 Bb7
16.Bxf6 Nxf6 17.Ndxb5 axb5 18.Qxb5+ Kf8 19.Qxb7 Qxb7 20.Bxb7 Rb8 21.Bf3 Nd7
22.Re4 Nc5 23.Rc4  1-0

[Event "20th World Seniors"]
[Site "Arco ITA"]
[Date "2010.10.29"]
[Round "4"]
[White "Ponelis,A"]
[Black "Thieme,H"]
[Result "1-0"]
[WhiteElo "1947"]
[BlackElo "2112"]

1.e4 c5 2.Nf3 e6 3.d4 cxd4 4.Nxd4 a6 5.Nc3 Qc7 6.Be2 d6 7.O-O Nd7 8.f4 b5
9.Bf3 Bb7 10.Be3 Ngf6 11.a3 Be7 12.Qe1 O-O 13.Qg3 Rfe8 14.Rae1 Nb6 15.e5 Nfd5
16.Nxd5 Nxd5 17.Bc1 Rad8 18.c3 Nb6 19.Bh5 Bf8 20.f5 exf5 21.e6 g6 22.Rxf5 fxe6
23.Nxe6 Rxe6 24.Rxe6 Bg7 25.Bxg6 hxg6 26.Rxg6 Be4 27.Rxg7+ Qxg7 28.Rg5 Rd7
29.Rxg7+ Rxg7 30.Qe3 Rxg2+ 31.Kf1 Rc2 32.Qxe4 Rxc1+ 33.Kg2 Ra1 34.Qe8+ Kh7
35.Qe7+ Kh8 36.Qd8+  1-0

[Event "WY Boys-U14"]
[Site "Porto Carras GRE"]
[Date "2010.10.29"]
[Round "10.3"]
[White "Alekseenko,K"]
[Black "Laurusas,T"]
[Result "1-0"]
[WhiteElo "2284"]
[BlackElo "2291"]

1.e4 c5 2.Nf3 e6 3.d4 cxd4 4.Nxd4 a6 5.Nc3 Qc7 6.Be2 Nf6 7.O-O Nc6 8.Be3 Bb4
9.Na4 Be7 10.Nxc6 bxc6 11.Nb6 Rb8 12.Nxc8 Qxc8 13.e5 Nd5 14.Bc1 Bc5 15.c4 Ne7
16.b3 Qc7 17.Bb2 O-O 18.Qd3 d6 19.exd6 Bxd6 20.g3 Be5 21.Bxe5 Qxe5 22.Rad1 c5
23.Bf3 Nf5 24.Be4 Nd4 25.Bxh7+ Kh8 26.f4 Qe2 27.Rd2 Qh5 28.Be4 Rfd8 29.Qe3 a5
30.Rg2 Qh3 31.Bd3 Kg8 32.f5 exf5 33.Qe5 g6 34.Qxc5 Qh6 35.Qe5 Nc6 36.Qe2 Re8
37.Qf2 Rbd8 38.Bc2 Nd4 39.Bd1 a4 40.b4 a3 41.g4 Qg7 42.Rg3 Rb8 43.Qd2 fxg4
44.Rxa3 Nc6 45.b5 Qf8 46.Rc3 Ne5 47.Qf2 Qb4 48.Rc2 Re7 49.Be2 f5 50.c5 Qe4
51.Rb2 Rh7 52.Qf4 Qd5 53.Rc2 Kh8 54.Rd1 Qe6 55.c6 g5 56.c7 Re8 57.Qd4 Rd7
58.Qf2 Rxd1+ 59.Bxd1 f4 60.Qd4 Kg8 61.c8=Q  1-0

[Event "WY Boys-U18"]
[Site "Porto Carras GRE"]
[Date "2010.10.29"]
[Round "10.3"]
[White "Priyadharshan,K"]
[Black "Grandelius,N"]
[Result "0-1"]
[WhiteElo "2357"]
[BlackElo "2500"]

1.e4 c5 2.Nf3 e6 3.d4 cxd4 4.Nxd4 a6 5.Nc3 b5 6.Bd3 Qb6 7.Nf3 Qc7 8.O-O Bb7
9.Re1 Be7 10.e5 f5 11.Bf4 Nh6 12.a4 b4 13.Nb1 Nf7 14.h4 O-O 15.Nbd2 Nc6 16.Qe2 Na5
17.Ng5 Qd8 18.Qh5 h6 19.Nxf7 Rxf7 20.Qg6 Bxh4 21.Bxh6 Bxf2+ 22.Kxf2 Qh4+
23.g3 Qxh6 24.Qxh6 gxh6 25.Rac1 Rc8 26.c3 bxc3 27.Rxc3 Rxc3 28.bxc3 Rf8 29.Rb1 Rc8
30.Nb3 Nc6 31.Nc5 Nxe5 32.Rxb7 Rxc5 33.Bxa6 Rxc3 34.Bb5 Rf3+ 35.Kg2 Ra3 36.Ra7 Ra2+
37.Kf1 Kf7 38.a5 Ke7 39.a6 Kd6 40.Ra8 Nc6 41.Rh8 Kc5 42.Be2 e5 43.g4 f4 44.Rxh6 Nd4
45.Bd3 d5 46.Rh5 Nf3 47.g5 Kd4 48.g6 Ke3 49.Rxe5+ Nxe5 50.g7 Rf2+  0-1

[Event "Chigorin Mem Classic Open"]
[Site "St Petersburg RUS"]
[Date "2010.10.29"]
[Round "2"]
[White "Frolochkin,V"]
[Black "Levin,Ev"]
[Result "1/2-1/2"]
[WhiteElo "2331"]
[BlackElo "2483"]

1.e4 c5 2.Nf3 e6 3.d4 cxd4 4.Nxd4 a6 5.Nc3 Qc7 6.g3 Bb4 7.Bd2 Nf6 8.Bg2 Nc6
9.Nxc6 bxc6 10.O-O Be7 11.f4 d5 12.e5 Nd7 13.Kh1 g6 14.Na4 a5 15.Qe1 Ba6
16.Rf3 Bb5 17.Nc3 h5 18.Rc1 Nc5 19.b3 a4 20.Be3 Rc8 21.Nxb5 cxb5 22.Bf1 Rb8
23.Bd4 Qc6 24.b4 Ne4 25.a3 Bd8 26.Bd3 Bb6 27.Bxb6 Rxb6 28.Bxe4 dxe4 29.Re3  1/2-1/2

[Event "Chigorin Mem Classic Open"]
[Site "St Petersburg RUS"]
[Date "2010.10.29"]
[Round "2"]
[White "Zherebukh,Y"]
[Black "Mishuchkov,N"]
[Result "0-1"]
[WhiteElo "2563"]
[BlackElo "2373"]

1.e4 c5 2.Nc3 e6 3.Nf3 a6 4.d4 cxd4 5.Nxd4 Qc7 6.Be2 Nc6 7.O-O b5 8.Nxc6 dxc6
9.a4 b4 10.Nb1 Nf6 11.Nd2 Bd6 12.g3 O-O 13.Nc4 Bc5 14.Bf4 Qe7 15.Bd6 Bxd6
16.Qxd6 Qxd6 17.Nxd6 a5 18.Rfd1 Rd8 19.Rd2 Kf8 20.Rad1 Ba6 21.Bxa6 Rxa6 22.f3 Ne8
23.Nb7 Rxd2 24.Rxd2 Ke7 25.Nc5 Ra7 26.e5 g5 27.Kf2 Ng7 28.Ne4 h6 29.Nf6 Nf5
30.h4 c5 31.h5 Rc7 32.g4 Nd4 33.Ke3 Nc6 34.Ke4 c4 35.f4 gxf4 36.g5 hxg5 37.h6 Rc8
38.Rd6 Kf8 39.Nh7+ Ke7 40.Nxg5 Nxe5 41.Ra6 f3 42.Kxe5 Rc5+ 43.Ke4 Rxg5 44.Kxf3 Rh5
45.h7 Rxh7 46.Rxa5 Rh2 47.Rb5 b3 48.cxb3 cxb3 49.Ke4 Rxb2 50.Kd3 Ra2 51.Rb4 Rf2
52.Kc3 Rh2 53.Rb7+ Kf6 54.Kd3 b2  0-1

[Event "WY Boys-U12"]
[Site "Porto Carras GRE"]
[Date "2010.10.30"]
[Round "11.8"]
[White "Karthikeyan,M2"]
[Black "Williams,Justus D"]
[Result "1/2-1/2"]
[WhiteElo "2059"]
[BlackElo "2155"]

1.e4 c5 2.Nf3 e6 3.d4 cxd4 4.Nxd4 a6 5.Nc3 Qc7 6.Be2 b5 7.O-O Bb7 8.f3 Bd6
9.g3 Nf6 10.Kg2 Be5 11.Be3 b4 12.Na4 h5 13.Nb3 h4 14.Nb6 hxg3 15.h3 Ra7 16.Nc4 Nh5
17.Nxe5 Qxe5 18.Qd4 Qxd4 19.Nxd4 Ra8 20.Bd3 f6 21.Ne2 g5 22.Nxg3 Nf4+ 23.Bxf4 gxf4
24.Ne2 e5 25.a3 Nc6 26.Kh2 Ke7 27.Rg1 Rh7 28.axb4 Nxb4 29.Rg2 Rah8 30.Ng1 d5
31.exd5 Nxd3 32.cxd3 Bc8 33.Ra4 Rxh3+ 34.Nxh3 Bxh3 35.Kg1 Bxg2 36.Kxg2 Kd6
37.d4 Rb8 38.dxe5+ fxe5 39.Rxa6+ Kxd5 40.Ra5+ Ke6 41.Kf1 Rxb2 42.Ra8 Rb6
43.Ke2 Rb2+ 44.Kf1 Rb3 45.Ke2 Re3+ 46.Kf2 Kd5 47.Rd8+ Kc4 48.Rc8+ Kd3 49.Rd8+ Kc2
50.Rd5 Kc3 51.Rc5+ Kd4 52.Rc8 Rb3 53.Rd8+ Kc4 54.Rc8+ Kb4 55.Rb8+ Ka3 56.Ra8+ Kb2
57.Ra5 Re3 58.Rb5+ Ka3 59.Rb8 Rb3 60.Ra8+ Kb2 61.Ra5 Re3 62.Rb5+ Kc3 63.Rc5+ Kd4
64.Rc8 Rb3 65.Rd8+ Kc4 66.Rc8+ Kd3 67.Rd8+ Kc3 68.Rd5 Rb2+ 69.Kf1 Rb1+ 70.Kf2  1/2-1/2

[Event "Chigorin Mem Classic Open"]
[Site "St Petersburg RUS"]
[Date "2010.10.30"]
[Round "3"]
[White "Svetushkin,D"]
[Black "Tunik,G"]
[Result "1-0"]
[WhiteElo "2552"]
[BlackElo "2457"]

1.e4 c5 2.Nf3 e6 3.d4 cxd4 4.Nxd4 a6 5.Nc3 Nc6 6.Nxc6 bxc6 7.Bd3 d5 8.O-O Nf6
9.Qe2 Be7 10.Na4 O-O 11.c4 Bb7 12.Bf4 dxe4 13.Bxe4 Nxe4 14.Qxe4 Qa5 15.b3 Rad8
16.Rad1 Rxd1 17.Rxd1 Rd8 18.Rxd8+ Qxd8 19.h3 h6 20.Qe3 Bc8 21.Be5 f6 22.Bd4 Bd6
23.Qe4 e5 24.Bc5 Bxc5 25.Nxc5 Qd1+ 26.Kh2 Qd6 27.Qe3 a5 28.Ne4 Qc7 29.Qc5 Bf5
30.Nd6 Bc2 31.Kg1 Qd7 32.Kf1 Kf8 33.Ke1 a4 34.bxa4 Ke7 35.Nf5+ Kf7 36.Ne3 Bxa4
37.Qa5 c5 38.Qxc5 Kg6 39.Qd5 Qa7 40.Qe4+ Kf7 41.Qd5+ Kg6 42.Qd3+ Kf7 43.Kf1 Bc6
44.Qd6 Be4 45.a3 h5 46.Kg1 Qd4 47.Qb4 Qa1+ 48.Kh2 Qa2 49.c5 Bc6 50.Kg3 h4+
51.Qxh4 Qxa3 52.Qc4+ Kg6 53.Kh2 Qa8 54.Qg4+ Kf7 55.Nf5 Qf8 56.Qc4+ Kg6 57.Qe6 Qxc5
58.Ne7+ Kh6 59.Qf7  1-0

[Event "Chigorin Mem Classic Open"]
[Site "St Petersburg RUS"]
[Date "2010.10.30"]
[Round "3"]
[White "Sharafiev,A"]
[Black "Malygin,Ar"]
[Result "1-0"]
[WhiteElo "2445"]
[BlackElo "2199"]

1.e4 c5 2.Nf3 e6 3.d4 cxd4 4.Nxd4 a6 5.Nc3 Qc7 6.Be3 Bb4 7.Ne2 Nf6 8.a3 Be7
9.Na4 Nc6 10.Nb6 Rb8 11.Nc3 O-O 12.Be2 d6 13.O-O Ne5 14.a4 Nfd7 15.a5 Nxb6
16.Bxb6 Qc6 17.Ra4 Bd8 18.Rb4 Qd7 19.Rd4 Bxb6 20.axb6 Rd8 21.Qa1 Nc6 22.Rd2 e5
23.Nd5 Nd4 24.Bc4 Qg4 25.f3 Qg5 26.f4 Qh6 27.Qd1 Be6 28.f5 Bxd5 29.Bxd5 Qf6
30.Qh5 Rd7 31.g4 Qh6 32.Qxh6 gxh6 33.c3 Nc6 34.f6 Rc8 35.Rf5 Nd8 36.Ba2 Rc5
37.Rd5 Rb5 38.Rfxe5 Ne6 39.Rxe6 fxe6 40.Rxb5  1-0

[Event "14th OIBM"]
[Site "Bad Wiessee GER"]
[Date "2010.10.31"]
[Round "3.27"]
[White "Lederle,V"]
[Black "Mainka,R"]
[Result "0-1"]
[WhiteElo "2191"]
[BlackElo "2483"]

1.e4 c5 2.Nf3 e6 3.d4 cxd4 4.Nxd4 a6 5.Nc3 Qc7 6.Be2 Nf6 7.O-O Be7 8.f4 d6
9.Kh1 O-O 10.Be3 b5 11.a3 Bb7 12.Bd3 Nbd7 13.Nb3 Rac8 14.Qe1 Rfe8 15.Qg3 Qb8
16.e5 dxe5 17.fxe5 Qxe5 18.Bf4 Qh5 19.Rae1 Nd5 20.Nxd5 Bxd5 21.Qf2 Bh4 22.Bg3 Bxg3
23.Qxg3 h6 24.Rf4 f5 25.Qf2 Qg5 26.Rd4 Nf6 27.Kg1 Rcd8 28.Bf1 Ne4 29.Qe3 Qxe3+
30.Rxe3 Bxb3 31.Rxd8 Rxd8 32.Rxb3 Rd1 33.Rd3 Nd2 34.Kf2 Rxf1+ 35.Ke2 Rg1
36.Kf2 Rb1  0-1

[Event "Chigorin Mem Classic Open"]
[Site "St Petersburg RUS"]
[Date "2010.10.31"]
[Round "4"]
[White "Chernobay,A"]
[Black "Romanov,E"]
[Result "0-1"]
[WhiteElo "2468"]
[BlackElo "2598"]

1.e4 c5 2.Nf3 e6 3.Nc3 a6 4.d4 cxd4 5.Nxd4 b5 6.Bd3 Bb7 7.O-O Bc5 8.Nb3 Be7
9.Be3 d6 10.a4 b4 11.Na2 Nf6 12.Nxb4 O-O 13.Nd2 d5 14.e5 Bxb4 15.exf6 Qxf6
16.Qg4 Qe7 17.Nf3 f5 18.Qg3 Nd7 19.Bf4 Nf6 20.Be5 Ng4 21.Bd4 Bd6 22.Ne5 Qc7
23.Rfe1 Rae8 24.c3 Nf6 25.f4 Ne4 26.Qe3 Re7 27.h4 Qd8 28.g3 Nf6 29.Re2 Bxe5
30.fxe5 Ng4 31.Qf4 Ref7 32.Rg2 h6 33.Be2 g5 34.Qd2 gxh4 35.Bxg4 fxg4 36.Qxh6 h3
37.Qg6+ Rg7 38.Qxe6+ Kh7 39.Rf2 Rxf2 40.Bxf2 d4 41.Bxd4 Qg5 42.Rf1 h2+ 43.Kxh2 Qh5+
44.Kg1 Bf3 45.Qxa6 Qh1+ 46.Kf2 Qg2+ 47.Ke1 Qc2 48.Rxf3 gxf3 49.e6 Rxg3 50.Qb7+ Kh6
51.Be3+ Kh5 52.Qb5+ Kg4 53.Qc4+ Kh3 54.Qf1+ Kh4 55.Qf2 Qb1+ 56.Kd2 Kh3 57.e7 Qxb2+
58.Kd3 Qb1+ 59.Kc4 Qe4+ 60.Kb3 Qe6+ 61.c4 Qxe7 62.Bf4 Qb7+ 63.Ka3 Rg2 64.Qd4 f2  0-1

[Event "Chigorin Mem Classic Open"]
[Site "St Petersburg RUS"]
[Date "2010.10.31"]
[Round "4"]
[White "Vakhlamov,I"]
[Black "Skvortsov,Alexander"]
[Result "1-0"]
[WhiteElo "2287"]
[BlackElo "2099"]

1.e4 c5 2.Nf3 e6 3.d4 cxd4 4.Nxd4 a6 5.Nc3 Ne7 6.g3 Nbc6 7.Nde2 Ng6 8.Bg2 Be7
9.O-O O-O 10.a4 b6 11.f4 Bb7 12.Be3 Qc7 13.Kh1 Rac8 14.h4 Rfd8 15.h5 Nf8
16.g4 d5 17.exd5 Nb4 18.Nd4 Nxd5 19.Nxd5 Bxd5 20.Bxd5 Rxd5 21.Qf3 Qc4 22.c3 Rcd8
23.Rf2 Bf6 24.g5 Bxd4 25.Bxd4 b5 26.axb5 Qxb5 27.Qe2 Qd7 28.Rxa6 e5 29.fxe5 Qh3+
30.Rh2 Qg3 31.Rg2 Qh4+ 32.Kg1 Ne6 33.Qg4 Qe1+ 34.Kh2 Nxd4 35.cxd4 g6 36.h6 Qb4
37.Rf2 Rxd4 38.Qf3 R4d7 39.Qf4 Qxf4+ 40.Rxf4 Rd2+ 41.Kg3 Rxb2 42.Ra7 Rf8
43.e6 Rc8 44.Rfxf7 Rc3+ 45.Rf3 Rc8 46.Rg7+ Kh8 47.Rc7 Rcb8 48.e7 Kg8 49.Rd7 Re8
50.Rd8 Rb8 51.Rf8+  1-0

[Event "Chigorin Mem Classic Open"]
[Site "St Petersburg RUS"]
[Date "2010.11.01"]
[Round "5"]
[White "Yemelin,V"]
[Black "Karasev,Vl"]
[Result "1-0"]
[WhiteElo "2571"]
[BlackElo "2361"]

1.e4 c5 2.Nf3 e6 3.d4 cxd4 4.Nxd4 a6 5.Nc3 b5 6.Bd3 Qb6 7.Nb3 Bb7 8.a4 b4
9.a5 Qc7 10.Na4 Nf6 11.Qe2 Nc6 12.Be3 Ne5 13.Bb6 Nxd3+ 14.cxd3 Qe5 15.O-O Bc6
16.Bd4 Qc7 17.Nb6 Rb8 18.Rfc1 Qd8 19.Be5 Be7 20.Bxb8 Qxb8 21.Nd4 Bb7 22.e5 Nd5
23.Nxd5 Bxd5 24.Nc2 O-O 25.d4 Qa7 26.Ne3 Bc6 27.Qd2 Be4 28.Rc4 Qb7 29.Rac1 Qb5
30.Rc7 Bd8 31.R7c5 Qb8 32.Rc8 Qb7 33.d5 exd5 34.f3 d4 35.Qxd4 Bg6 36.Qd5 Qa7
37.Qc5 Qxc5 38.R1xc5 f6 39.Rd5 fxe5 40.Rxd7 Bxa5 41.Rxf8+ Kxf8 42.Nc4 Be8
43.Rb7 Bd8 44.Rxb4 Bb5 45.Nxe5 Bb6+ 46.Kh1 Be3 47.Re4 Bc1 48.Nc4 Bg5 49.b3 Be7
50.h4 Bc6 51.Re6 Bb5 52.g3 Kf7 53.Rb6 Bc5 54.Nd6+ Ke6 55.Rxb5 axb5 56.Nxb5 Kd5
57.Kg2 Bb6 58.Nc3+ Kd4 59.Ne4 h6 60.h5 Kd3 61.Kh3 Kc2 62.b4 Bd4 63.Nd6  1-0

[Event "Chigorin Mem Classic Open"]
[Site "St Petersburg RUS"]
[Date "2010.11.01"]
[Round "5"]
[White "Sharafiev,A"]
[Black "Papin,V"]
[Result "1/2-1/2"]
[WhiteElo "2445"]
[BlackElo "2534"]

1.e4 c5 2.Nf3 e6 3.d4 cxd4 4.Nxd4 a6 5.Nc3 Qc7 6.Bd3 Nf6 7.O-O Bc5 8.Nb3 Be7
9.a4 b6 10.f4 d6 11.a5 b5 12.e5 Nfd7 13.Qg4 g6 14.exd6 Bxd6 15.Be3 O-O 16.Qh4 f5
17.Rae1 Nc6 18.Bf2 Nf6 19.Bxb5 axb5 20.Nxb5 Qb8 21.Nxd6 Qxd6 22.Bc5 Qd8 23.Rd1 Nd7
24.Qe1 Re8 25.Rd6 Nxa5 26.Bb6 Qe7 27.Rxd7 Bxd7 28.Bxa5 e5 29.Bb4 Qe6 30.Qd2 Qc4
31.fxe5 Rxe5 32.Bc3 Re7 33.Rd1 Bc6 34.Nd4 Be4  1/2-1/2

[Event "Chigorin Mem Classic Open"]
[Site "St Petersburg RUS"]
[Date "2010.11.01"]
[Round "5"]
[White "Komiagina,M"]
[Black "Stukopin,A"]
[Result "0-1"]
[WhiteElo "2263"]
[BlackElo "2458"]

1.e4 c5 2.Nf3 e6 3.d4 cxd4 4.Nxd4 a6 5.Nc3 b5 6.Bd3 Bb7 7.O-O Nc6 8.Nxc6 Bxc6
9.Qe2 Qb8 10.Bd2 Bd6 11.f4 Qb7 12.Kh1 b4 13.Nd1 Bc5 14.c3 a5 15.Rc1 Be7 16.f5 e5
17.c4 Nf6 18.Nf2 Bc5 19.Ng4 d6 20.Rce1 Nd7 21.f6 g6 22.Bh6 O-O-O 23.Qc2 Bd4
24.b3 Nc5 25.Re2 Rd7 26.h3 Rhd8 27.Nh2 Ne6 28.Nf3 Bc5 29.Kh2 Qb6 30.Rb1 Ra7
31.Qd1 Rdd7 32.Qe1 Rdb7 33.h4 Qd8 34.Bg5 h6 35.Bxh6 Qxf6 36.Qg3 Qh8 37.Bd2 f6
38.Be3 Rh7 39.Rh1 g5 40.Bxc5 Nxc5 41.Bc2 Rag7 42.Rd1 Kc7 43.Kg1 gxh4 44.Qf2 h3
45.g3 h2+ 46.Nxh2 Rh3 47.Re3 Rgh7  0-1

[Event "20th World Seniors"]
[Site "Arco ITA"]
[Date "2010.11.03"]
[Round "8"]
[White "Agzamov,Va"]
[Black "Dietzsch,H"]
[Result "0-1"]
[WhiteElo "2209"]
[BlackElo "2121"]

1.e4 c5 2.Nf3 e6 3.d4 cxd4 4.Nxd4 a6 5.Nc3 Qc7 6.g3 Nf6 7.Bg2 Bb4 8.O-O O-O
9.Nde2 Be7 10.Be3 d6 11.h3 Nc6 12.a4 Rb8 13.g4 b5 14.axb5 axb5 15.g5 Nd7
16.f4 b4 17.Na4 f6 18.h4 Nc5 19.Nd4 Nxd4 20.Qxd4 fxg5 21.hxg5 e5 22.Qd2 exf4
23.Bxf4 Be6 24.Nxc5 Qxc5+ 25.Qf2 Rxf4  0-1

[Event "20th World Seniors"]
[Site "Arco ITA"]
[Date "2010.11.03"]
[Round "8"]
[White "Malmdin,N"]
[Black "Farago,I"]
[Result "0-1"]
[WhiteElo "2300"]
[BlackElo "2420"]

1.e4 c5 2.Nf3 e6 3.Nc3 a6 4.d4 cxd4 5.Nxd4 Qc7 6.Bd3 Nc6 7.Be3 Nf6 8.O-O Ne5
9.Nf3 Nfg4 10.Bf4 d6 11.Nxe5 Nxe5 12.a4 Be7 13.Qe2 Bd7 14.Rfd1 O-O 15.Bg3 Rac8
16.Kh1 Rfd8 17.f4 Nc4 18.Ra2 Bf8 19.b3 Na5 20.Nb1 Nc6 21.c3 Na5 22.b4 Nc4
23.h4 b5 24.a5 d5 25.e5 Bc6 26.Bf2 Qe7 27.Qe1 f6 28.exf6 Qxf6 29.Bd4 Qh6
30.g3 Be8 31.Rg2 Rc6 32.Qf2 Bg6 33.Bxg6 Qxg6 34.Re1 Be7 35.Nd2 Bf6 36.Nb3 Nd6
37.Nc5 Ne4 38.Qe3 Nxc5 39.Bxc5 Qe4 40.Qxe4 dxe4 41.Rxe4 Bxc3 42.Rge2 Kf7
43.Kg2 h5 44.Kf3 Rd5 45.R2e3 Bf6 46.Re2 g6 47.R2e3 Bd8 48.Ra3 Bc7 49.Ke3 Kf6
50.Kf3 Kf5 51.Rae3 e5 52.fxe5 Rxe5 53.Rd3 Ke6 54.Rd5  0-1

[Event "TCh-CHN"]
[Site "Beijing CHN"]
[Date "2010.11.03"]
[Round "17"]
[White "Wang Chen"]
[Black "Ding,L"]
[Result "0-1"]
[WhiteElo "2390"]
[BlackElo "2565"]

1.e4 c5 2.Nf3 e6 3.d4 cxd4 4.Nxd4 a6 5.Nc3 b5 6.Bd3 Qb6 7.Nf3 Qc7 8.O-O Bb7
9.Re1 Be7 10.a4 b4 11.Ne2 Nc6 12.Bf4 d6 13.c3 Nf6 14.Rc1 Qd7 15.Bb1 O-O 16.cxb4 Nxb4
17.Nc3 Rfc8 18.Qd2 e5 19.Bg5 Bc6 20.b3 Rab8 21.Qe2 Qe6 22.Nd2 Nd7 23.Be3 Nc5
24.Bxc5 dxc5 25.Bd3 Nxd3 26.Qxd3 Rd8 27.Qc2 Bg5 28.Ncb1 Rd4 29.Rcd1 f6 30.Nc4 Rbd8
31.Nc3 h5 32.f3 h4 33.Ne2 Rxd1 34.Rxd1 Rxd1+ 35.Qxd1 Bxa4 36.Nc3 Bb5 37.Qd8+ Kh7
38.Nd5 Qd7 39.Qxd7 Bxd7 40.Nc7 Bb5 41.Nxb5 axb5 42.Na3 c4 43.bxc4 b4 44.Nb5 Be3+
45.Kf1 b3 46.Ke2 b2 47.Na3 Bc5 48.Nb1 Kg6 49.f4 exf4 50.Kf3 Bd6 51.Kg4 Kf7
52.Kxh4 Ke6 53.Kh5 g5 54.Kg6 Ke5  0-1

[Event "Chigorin Mem Classic Open"]
[Site "St Petersburg RUS"]
[Date "2010.11.03"]
[Round "7"]
[White "Shomoev,A"]
[Black "Bocharov,D"]
[Result "0-1"]
[WhiteElo "2536"]
[BlackElo "2612"]

1.e4 c5 2.Nf3 e6 3.d4 cxd4 4.Nxd4 a6 5.Nc3 Qc7 6.Bd3 Nf6 7.O-O d6 8.f4 Nbd7
9.Qe2 Nc5 10.Kh1 Be7 11.e5 Nfd7 12.Nf3 O-O 13.Ne4 Nxd3 14.cxd3 Nb6 15.Be3 dxe5
16.Rac1 Qd8 17.fxe5 Nd5 18.Bc5 Bxc5 19.Nxc5 b6 20.Ne4 Ra7 21.Nd6 Bb7 22.Qd2 Qd7
23.Rc4 f6 24.d4 Ba8 25.Rfc1 Rc7 26.b3 Rxc4 27.Nxc4 b5 28.Ne3 f5 29.Nc2 f4
30.Kg1 h6 31.Nce1 Ne3 32.Rc5 Qf7 33.Qd3 Bd5 34.Kf2 Qb7 35.Qg6 Nf5 36.Nd3 Qe7
37.Nde1 Nxd4 38.Rxd5 Nxf3 39.Rd6 Ng5 40.Nf3 Nxf3 41.Kxf3 Qb7+ 42.Qe4 Qf7
43.Kg4 Qa7 44.Rd4 Qc5 45.b4 Qc3 46.Qd3 Qc6 47.Qf3 Qc2 48.Qe4 Qf2 49.Rd7 f3
50.gxf3 Qg2+ 51.Kh4 Qxh2+ 52.Kg4 Qg2+ 53.Kh4 Rf4+  0-1

[Event "20th World Seniors"]
[Site "Arco ITA"]
[Date "2010.11.04"]
[Round "9"]
[White "Pavlov,Mirc"]
[Black "Pritchett,C"]
[Result "1/2-1/2"]
[WhiteElo "2362"]
[BlackElo "2314"]

1.e4 c5 2.Nf3 e6 3.d4 cxd4 4.Nxd4 a6 5.Nc3 Qc7 6.Bd3 Nc6 7.Be3 b5 8.O-O Bb7
9.Qe2 Nf6 10.f4 Nxd4 11.Bxd4 Bc5 12.Bxc5 Qxc5+ 13.Kh1 b4 14.Nd1 d5 15.e5 Ne4
16.c4 O-O 17.cxd5 exd5 18.Nf2 f5  1/2-1/2

[Event "Chigorin Mem Classic Open"]
[Site "St Petersburg RUS"]
[Date "2010.11.04"]
[Round "8"]
[White "Letov,P"]
[Black "Dushin,N"]
[Result "1/2-1/2"]
[WhiteElo "2264"]
[BlackElo "2064"]

1.e4 c5 2.Nf3 e6 3.d4 cxd4 4.Nxd4 a6 5.Nc3 Qc7 6.g3 Bb4 7.Bd2 Nc6 8.Nxc6 dxc6
9.Bg2 Nf6 10.O-O Be7 11.Qe1 e5 12.Na4 a5 13.c4 b6 14.Be3 c5 15.Nc3 Be6 16.b3 Rd8
17.h3 Qc8 18.Kh2 h5 19.f4 h4 20.f5 hxg3+ 21.Kh1 Bd7 22.Qxg3 Nh5 23.Qxe5 Qb8
24.Qxb8 Rxb8 25.Ne2 Bf6 26.Rad1 Be5 27.Kg1 Bc6 28.Bf4 Nxf4 29.Nxf4 Rh4 30.Nd3 Bd4+
31.Kh2 f6 32.Kg3 Rh8 33.Rf4 Rb7 34.Rg4 Re7 35.Bf3 Rh7 36.Kg2 Be3 37.Re1 Bd2
38.Re2 Bg5 39.Kg3 Rd7 40.Ne1 Bd2 41.e5 Bxe1+ 42.Rxe1 Rd3 43.exf6+ Kf7 44.Re7+ Kf8
45.fxg7+ Kxe7 46.g8=Q Rxf3+ 47.Kg2 Rfxh3+ 48.Kg1 Rh1+ 49.Kf2 R7h2+ 50.Ke3 Re1+
51.Kd3 Rd1+ 52.Kc3 Rc1+ 53.Kd3 Rd1+ 54.Ke3 Re1+ 55.Kd3 Rd1+ 56.Kc3 Rc1+ 57.Kd3 Rd1+  1/2-1/2

[Event "Chigorin Mem Classic Open"]
[Site "St Petersburg RUS"]
[Date "2010.11.04"]
[Round "8"]
[White "Frolochkin,V"]
[Black "Tunik,G"]
[Result "1/2-1/2"]
[WhiteElo "2331"]
[BlackElo "2457"]

1.e4 c5 2.Nf3 e6 3.d4 cxd4 4.Nxd4 a6 5.Nc3 Qc7 6.g3 Nf6 7.Bg2 Bb4 8.Bd2 Nc6
9.Nxc6 dxc6 10.O-O Bd6 11.f4 e5 12.Kh1 h5 13.f5 b5 14.Qe2 Bb7 15.Nd1 Be7
16.h3 h4 17.g4 Nh7 18.c4 Bg5 19.Bc3 Nf6 20.b4 O-O 21.c5 a5 22.a3 axb4 23.axb4 Rxa1
24.Bxa1 Rd8 25.Bc3 Ne8 26.Nf2 f6 27.Nd3 Qf7 28.Ne1 Qc4 29.Qc2 Nc7 30.Rf3 Bc8
31.Bf1 Qf7 32.Rd3 Rxd3 33.Bxd3 Bf4 34.Nf3 g5 35.Kg2 Bd7  1/2-1/2

[Event "20th World Seniors"]
[Site "Arco ITA"]
[Date "2010.11.05"]
[Round "10"]
[White "Rooze,J"]
[Black "Farago,I"]
[Result "1/2-1/2"]
[WhiteElo "2288"]
[BlackElo "2420"]

1.e4 c5 2.Nf3 e6 3.Nc3 a6 4.d4 cxd4 5.Nxd4 Qc7 6.Bd3 Nc6 7.Be3 Nf6 8.O-O Ne5
9.h3 Bc5 10.Qe2 d6 11.f4 Ng6 12.Nb3 Bxe3+ 13.Qxe3 O-O 14.Rad1 b5 15.e5 dxe5
16.Bxg6 hxg6 17.fxe5 Nd7 18.Rd6 Qa7 19.Nd4 Rb8 20.Re1 Rb7 21.Kh1 Rc7 22.Qd2 Qa8
23.Nf3 Bb7 24.Ng5 b4 25.Nce4 Nxe5 26.Qf4 f6 27.Rxe6 Rxc2 28.Rxe5 fxg5 29.Qxg5 Bxe4
30.R1xe4 Qc6 31.Re2 Rxe2 32.Rxe2 Qc4 33.Re7 Qd4 34.Qe5 Rf1+ 35.Kh2 Qg1+ 36.Kg3 Qf2+
37.Kh2 Qg1+ 38.Kg3 Qf2+  1/2-1/2

[Event "TCh-CZE 2010-11"]
[Site "Frydek Mistek CZE"]
[Date "2010.11.06"]
[Round "1.2"]
[White "Simacek,P"]
[Black "Laznicka,V"]
[Result "0-1"]
[WhiteElo "2469"]
[BlackElo "2688"]

1.e4 c5 2.Nf3 e6 3.d4 cxd4 4.Nxd4 a6 5.Nc3 Qc7 6.Bd3 Nf6 7.O-O Bc5 8.Nb3 Be7
9.Qe2 d6 10.Bd2 Nc6 11.f4 O-O 12.Rae1 Nb4 13.Kh1 Nxd3 14.cxd3 b6 15.Rc1 Qd7
16.f5 Bb7 17.Qe3 Bd8 18.fxe6 fxe6 19.Nd4 Bc7 20.Qh3 Rae8 21.Bg5 Bd8 22.Bh4 h6
23.Nce2 Rf7 24.b3 g5 25.Bf2 h5 26.Be3 Ng4 27.Bg1 Ne5 28.Qe3 Rg7 29.Nf3 Nf7
30.Nfd4 h4 31.Nc3 Ne5 32.Nf3 Nf7 33.Nd4 Nh8 34.Qe2 Ng6 35.Be3 Ne5 36.Nf3 Nxf3
37.Qxf3 g4 38.Qd1 d5 39.exd5 h3 40.Rf4 exd5 41.Bd4 Bg5 42.Rf1 hxg2+ 43.Kxg2 Rh7
44.Rc2 g3 45.Kg1 Rh4 46.Ne2 Be3+ 47.Bxe3 gxh2+ 48.Kf2 Qf5+ 49.Bf4 Rxf4+ 50.Nxf4 Qxf4+
51.Qf3 Qxf3+ 52.Kxf3 Rf8+ 53.Kg2 Rxf1  0-1

[Event "TCh-BEL 2010-11"]
[Site "Belgium BEL"]
[Date "2010.11.07"]
[Round "3.7"]
[White "Poscic,M"]
[Black "Klein,Fe"]
[Result "1/2-1/2"]
[WhiteElo "1846"]
[BlackElo "2297"]

1.e4 c5 2.Nf3 e6 3.d4 cxd4 4.Nxd4 a6 5.Nc3 b5 6.a3 Bb7 7.Be3 d6 8.Bd3 Nf6
9.O-O Be7 10.f4 Nbd7 11.Qf3 Rc8 12.Qg3 g6 13.Nb3 O-O 14.f5 e5 15.Qh3 Re8
16.g4 d5 17.g5 Nxe4 18.Bxe4 dxe4 19.fxg6 hxg6 20.Rad1 Rxc3 21.bxc3 Bc8 22.Qg2 Qc7
23.Qxe4 Nf8 24.Qf3 Bxa3 25.Nd2 Bb7 26.Ne4 Bxe4 27.Qxe4 Qxc3 28.Rf3 Bc5 29.Bxc5 Qxc5+
30.Qe3 Qxc2 31.Rdf1 Re7 32.Qa3 Rd7 33.Qxa6 Rd2 34.R3f2 Rxf2 35.Rxf2 Qc1+
36.Rf1 Qxg5+ 37.Kh1 e4 38.Qb7 f6 39.Qxe4 b4 40.Qxb4 Qd5+ 41.Kg1 Qg5+ 42.Kh1  1/2-1/2

[Event "TCh-SWE Elitserien 2010-11"]
[Site "Sweden SWE"]
[Date "2010.11.13"]
[Round "4"]
[White "Ziegler,A"]
[Black "Ahlander,B"]
[Result "1-0"]
[WhiteElo "2345"]
[BlackElo "2419"]

1.e4 c5 2.Nf3 e6 3.d4 cxd4 4.Nxd4 a6 5.Nc3 b5 6.Be3 Bb7 7.f3 Nf6 8.Qd2 d5
9.e5 Nfd7 10.f4 Nc6 11.O-O-O Nc5 12.Qf2 Nxd4 13.Bxd4 Rc8 14.Bd3 b4 15.Ne2 b3
16.axb3 Nxb3+ 17.Kb1 Nxd4 18.Nxd4 Qb6 19.Rhf1 Bc5 20.c3 O-O 21.Qh4 g6 22.f5 exf5
23.Nxf5 Qe6 24.Nh6+ Kg7 25.Rf6 Qxe5 26.Nf5+ Kh8 27.Re1 Qc7 28.Qh6 Rg8 29.Re7 gxf5
30.Rfxf7  1-0

[Event "III Iberoamerican D"]
[Site "Mexico City MEX"]
[Date "2010.11.16"]
[Round "4"]
[White "Vazquez Reyes,R"]
[Black "Felgaer,R"]
[Result "0-1"]
[WhiteElo "2231"]
[BlackElo "2591"]

1.e4 c5 2.Nf3 e6 3.d4 cxd4 4.Nxd4 a6 5.Nc3 Qc7 6.g3 Bb4 7.Ne2 Nf6 8.Bg2 Be7
9.O-O Nc6 10.Nf4 d6 11.Nd3 O-O 12.g4 Re8 13.g5 Nd7 14.f4 b5 15.a3 Bf8 16.Rf3 g6
17.Rh3 Bg7 18.Nf2 Rb8 19.Ng4 a5 20.Qe1 b4 21.axb4 axb4 22.Ne2 f5 23.gxf6 Nxf6
24.Nxf6+ Bxf6 25.c3 bxc3 26.bxc3 Na5 27.Be3 Nc4 28.Bf2 Rb2 29.Rd3 Bb7 30.Rdd1 e5
31.fxe5 Bxe5 32.Rdb1 d5 33.Bg3 dxe4 34.Rxb2 Nxb2 35.Bxe5 Rxe5 36.Qg3 Nd3
37.Rf1 Qe7 38.Kh1 e3 39.Bxb7 Nf2+ 40.Kg2 Rg5 41.Bf3 Rxg3+ 42.hxg3 Qd7 43.Rb1 Qd2
44.Rb7 Nd3 45.Bd5+ Kf8  0-1